| 000 | 01201nam a22002897a 4500 | ||
|---|---|---|---|
| 999 |
_c6493 _d6493 |
||
| 003 | AR-CdUCM | ||
| 008 | 190318b ||||| |||| 00| 0 spa d | ||
| 020 | _a84-253-1025-3 | ||
| 040 |
_aMUNICIPALIDAD PROVINCIAL DEL CUSCO _cBIBLIOTECA MUNICIPAL DEL CUSCO |
||
| 041 | _hita | ||
| 082 |
_22ed. _a904 / _bAG27 |
||
| 100 |
_aAgostini, Franco _918391 |
||
| 245 | _aEl mundo de la Historia / | ||
| 260 |
_aEspaña : _bGrijalbo S. A., _c1978 |
||
| 300 |
_a2 volúmenes ; _bIlustraciones en color, mapas, _c32 cm. |
||
| 500 | _aTitulo original :Il mondo della storia. | ||
| 505 | _aContenido: v.1: Historia del mundo antiguo -- La prehistoria -- El gran imperio Persa -- Historia de la edad media -- Las invasiones germánicas -- v.2: Historia de la edad moderna -- La reforma protestante -- Edad de las reformas -- Historia de la edad comtemporanea -- La restauración... | ||
| 650 |
_aEdad media _9454 |
||
| 650 |
_aHistoria antigua _92710 |
||
| 650 |
_aHistoria del mundo _918392 |
||
| 700 |
_aVentura, Seguí (Traductor) _918393 |
||
| 700 |
_aOzoese Collodo,Silvana _918394 |
||
| 700 |
_aSeneca, Federico _918395 |
||
| 700 |
_aBriguglio,Letterio _918396 |
||
| 942 |
_2ddc _cLIBROS |
||
| 945 | _awnts | ||